Statistiques concernant Pays contenant L - une minute sprint

Cliquez ici pour prendre le quiz!

Statistiques générales

  • Ce quiz a été pris 177 fois
  • Le résultat moyen est 14 sur 68

Statistiques - réponses

pays% Correct
Lituanie
70%
Lettonie
63%
Allemagne
62%
Albanie
49%
Brésil
49%
Liban
46%
Algérie
45%
Libye
45%
Luxembourg
44%
Portugal
44%
Laos
43%
Irlande
42%
Italie
41%
Islande
40%
Australie
37%
Chili
37%
Colombie
36%
Finlande
36%
Liberia
29%
Liechtenstein
29%
Pologne
28%
Belgique
27%
Mali
26%
Lesotho
25%
Thaïlande
24%
Biélorussie
22%
Bolivie
22%
Belize
21%
Slovaquie
21%
Slovénie
21%
Nouvelle-Zélande
20%
Angola
18%
Venezuela
17%
Moldavie
16%
Philippines
16%
Sénégal
16%
Mongolie
15%
Malawi
14%
Guatemala
13%
Népal
13%
Bulgarie
12%
Malaisie
11%
Malte
11%
Palaos
11%
Israël
10%
Papouasie-
Nouvelle-Guinée
10%
Groenland
9%
Maldives
8%
Rép dém Congo
7%
République
dominicaine
7%
Sainte-Lucie
6%
Salvador
6%
Sierra Leone
6%
Somalie
6%
Sri Lanka
6%
Seychelles
5%
Îles Marshall
4%
Swaziland
4%
Tuvalu
4%
Bangladesh
3%
Guinée équatoriale
3%
Palestine
3%
République
centrafricaine
3%
Salomon
3%
Îles Cook
1%
Sahara occidental
1%
Timor-Leste
1%
Îles Féroé
0%

Distribution des résultats

Percentile par nombre de réponses

% des personnes avec chaque résultat

Votre développement - résultats

Vous n’avez pas pris ce quiz